Tratado de géneros, derecho y justicia : Derecho penal y sistema judicial. Tomo I /

Guardado en:
Otros Autores: Videtta, Carolina, (coord. gral.), Hopp, Cecilia Marcela., (coord.), López Puleio, María Fernanda., (coord.), Deza, Soledad., (coord.), Belski, Mariela., (coord.), Acselrad, Flora Sofía., (coord.), Pzellinsky, Romina., (coord.)
Formato: Libro
Idioma:Spanish
Publicado: Santa Fe : Rubinzal - Culzoni, 2020.
Edición:1a. ed. rev.
Materias:
Etiquetas: Agregar Etiqueta
Sin Etiquetas, Sea el primero en etiquetar este registro!
LEADER 01177nam a22003015a 4500
001 DER.der014917
008 231101s2020####ag############000#0#spa#d
005 20231102131546.0
245 1 0 |a Tratado de géneros, derecho y justicia :  |b Derecho penal y sistema judicial.  |p Tomo I /  |c Marisa Herrera … [et. al.]. 
250 |a 1a. ed. rev. 
260 |a Santa Fe :  |b Rubinzal - Culzoni,  |c 2020. 
300 |a 483 p. 
500 |a Coordinadoras de la obra Cecilia Marcela Hopp, María Fernanda López Puleio, Soledad Deza, Mariela Belski, Flora Sofía Acselrad, Romina Pzellinsky. 
020 |a 9789873014833 
100 1 |a Herrera, Marisa,  |e dir. 
700 1 |a Fernández, Silvia E.,  |e dir. 
700 1 |a De la Torre, Natalia.,  |e dir. 
700 1 |a Videtta, Carolina,  |e coord. gral. 
700 1 |a Hopp, Cecilia Marcela.,  |e coord. 
700 1 |a López Puleio, María Fernanda.,  |e coord. 
700 1 |a Deza, Soledad.,  |e coord. 
700 1 |a Belski, Mariela.,  |e coord. 
700 1 |a Acselrad, Flora Sofía.,  |e coord. 
700 1 |a Pzellinsky, Romina.,  |e coord. 
650 7 |a DERECHO PENAL 
650 7 |a GENERO 
650 7 |a VIOLENCIAS 
859 |a DERECHO  |b BIB. DERECHO  |h 345.01  |i TRA  |p 0010001  |3 Tomo I